La derrota militar de Francia: Gamelin, Daladier, Reynaud

Saved in:
Bibliografiske detaljer
Main Authors: Pertinax (Author), Geraud, André (Author)
Format: Bog
Sprog:fransk
Udgivet: Buenos Aires Futuro 1943
Fag:
Tags: Tilføj Tag
Ingen Tags, Vær først til at tagge denne postø!

MARC

LEADER 00000nam a2200000 a 4500
001 UCO0794
003 CL-VaPUC
008 000428e19430000AG |||||||||||||||||fre|d
082 0 4 |a 944.0816  |b PER  |2 21 
100 0 |a Pertinax  |e author  |9 442319 
700 0 |a Geraud, André  |e author  |9 442320 
245 1 3 |a La derrota militar de Francia: Gamelin, Daladier, Reynaud 
300 |a 345 p 
942 |c BK 
945 |d 20000428 00:00:00  |a rherrera 
260 |a Buenos Aires  |b Futuro  |c 1943 
600 0 7 |a GAMELIN, MAURICE GUSTAVE  |2 CL-VaPUC  |9 442321 
600 0 7 |a DALADIER, EDOUARD  |2 CL-VaPUC  |9 442322 
600 0 7 |a REYNAUD, PAUL  |2 CL-VaPUC  |9 442323 
650 0 |a Historia de Francia  |9 336927 
650 0 |a Segunda Guerra Mundial  |9 325982 
650 7 |a INVASION  |2 CL-VaPUC  |9 349838 
651 0 |a Francia  |9 255157 
651 0 |a Alemania  |9 255688 
583 |a last modification  |c 20000428 00:00:00  |k Rodrigo Vera 
999 |c 287441  |d 287439 
952 |0 0  |1 0  |4 0  |6 944_081600000000000_PER_1943  |7 0  |8 X  |9 334303  |a BIBHIS  |b BIBHIS  |d 2019-11-20  |i 126639K  |o 944.0816 PER 1943  |p 126639K  |r 2024-01-30  |w 2019-11-20  |y BK_X  |k HIS